01009nam a2200253Ia 450000500170000000800410001702000150005808200180007310000170009124500810010825000190018930000420020850000600025060000980031060000750040865000420048365000370052570000340056226400360059633600270063233700330065933800280069204000350072020220317000807.0160601s2004 ag a e 000 0 spa  a950754123304a927.59 bV24s1 aSola, Emilio10aVelázquez para niños ctexto Emilio Sola ; ilustraciones Marina García a1a. edición  a18 páginas bilustraciones c22 cm  aNota en carátula: íCon juegos visuales y pegatinas!14aVelásquez, Diego Rodríguez de Silvad1559-1660vLiteratura juvenilxTrabajos pictóricos14aVelásquez, Diego Rodríguez de Silvad1559-1660vLiteratura juvenil142LEMBaPintura española ySiglo XVII142LEMBaArte españolySiglo XVII1 aGarcía, Marinaeilustrador  aBuenos Aires bContinentec2004 atextobtxt2rdacontent asin mediaciónbn2rdamedia avolumenbnc2rdacarrier aCO-BoRNBPbspaerdacCO-BoRNBP